00338nam a2200145Ia 4500003000500000008004100005020001800046040001900064082000700083100002400090245002400114260003400138300000800172546001200180STCL181203s9999 xx 000 0 und d a9780571174911 aSTCLbENcSTCL 222 aLillington, Kenneth 2aA Trick of the Dark bFaber and FaberaLondonc1995 a136 aEnglish